000 00297nam a2200121Ia 4500
005 20251222144801.0
008 251222s9999||||xx |||||||||||||| ||spa||
082 _a658.11/W42
100 _aWeinberger VillarĂ¡n, Karen
245 0 _aPlan de Negocios:
264 _bNathan Associates
942 _cLIB
999 _c19742
_d19742